Online Catalogue and eLibrary

A Concise Companion to (Record no. 1351)

MARC details
000 -LEADER
fixed length control field 00513nam a2200193Ia 4500
005 - DATE AND TIME OF LATEST TRANSACTION
control field 20250210050224.0
008 - FIXED-LENGTH DATA ELEMENTS--GENERAL INFORMATION
fixed length control field 240331s9999 xx 000 0 und d
020 ## - INTERNATIONAL STANDARD BOOK NUMBER
ISBN 0631224033
082 ## - DDC Classification
Item Number - Author Mark EAG
DDC Edition Number 5666
Class No. 305.4
245 #2 - TITLE STATEMENT
Title A Concise Companion to
Remainder of title Feminist Theory
260 ## - PUBLICATION, DISTRIBUTION, ETC.
Place of publication, distribution, etc. Malden;
-- Oxford;
-- Victoria;
-- Berlin
Name of publisher, distributor, etc. Blackwell Publishing
Date of publication, distribution, etc. 2003
300 ## - PHYSICAL DESCRIPTION
Extent (e.g. Volumes, Pages etc.) xi, 274 p.,
650 ## - SUBJECT ADDED ENTRY--TOPICAL TERM
Topical term or geographic name entry element Feminism
650 ## - SUBJECT ADDED ENTRY--TOPICAL TERM
Topical term or geographic name entry element Women
650 ## - SUBJECT ADDED ENTRY--TOPICAL TERM
Topical term or geographic name entry element Sexuality
650 ## - SUBJECT ADDED ENTRY--TOPICAL TERM
Topical term or geographic name entry element Philosophies
700 ## - ADDED ENTRY--PERSONAL NAME
Personal name Eagleton, M
Relator term (Role) Editor
942 ## - Koha item type (Biblio)
Koha item type Books in Stacks (Lending)
Holdings
Lost status Damaged status Collection code Home library Current library Shelving location Date acquired Full call number Accession Number Item type
    Lending WERC Library WERC Library Social Science Cupboard 03/31/2024 305.5 FEM 5666 Books in Stacks (Lending)

© WERC Library